[Event "GER Pfingstopen U12"]
[Site "Playchess.com INT"]
[Date "2020.06.02"]
[Round "2"]
[White "Muehlbauer, Adrian"]
[Black "Charrad, Sami"]
[Result "1-0"]
[WhiteElo "1545"]
[BlackElo "1620"]
[PlyCount "83"]
[EventDate "2020.06.02"]
[EventType "swiss (blitz)"]
[EventRounds "11"]
[EventCountry "GER"]
[SourceTitle "CBM 197 Extra"]
[Source "ChessBase"]
[SourceDate "2020.09.30"]
[SourceVersion "1"]
[SourceVersionDate "2020.09.30"]
[SourceQuality "1"]

1. e4 e5 2. Nf3 Nc6 3. d4 Bb4+ 4. c3 Bd6 5. Bg5 f6 6. Be3 Nge7 7. Nbd2 Ng6 8. Bc4 Na5 9. Bd3 exd4 10. Nxd4 Bf4 11. Bxf4 Nxf4 12. Qf3 Ne6 13. Qh5+ g6 14. Qxa5 Nxd4 15. cxd4 b6 16. Qd5 c6 17. Qb3 c5 18. dxc5 bxc5 19. 0-0 f5 20. Qc3 Rf8 21. Qxc5 d6 22. Qd5 fxe4 23. Qxe4+ Kd7 24. Qxa8 Qg5 25. Qxa7+ Kd8 26. Ne4 Qf4 27. Qb6+ Kd7 28. Bb5+ Ke6 29. Rae1 Ke5 30. Qxd6+ Kf5 31. Qxf4+ Kxf4 32. Nd6 Be6 33. Rxe6 Rd8 34. Re4+ Kg5 35. Nf7+ Kf6 36. Nxd8 Kf5 37. Rfe1 Kf6 38. Re6+ Kf5 39. R1e5+ Kf4 40. g3+ Kg4 41. Kg2 h5 42. Be2# 1-0